[Event "Olympiad Women-44"]
[Site "Chennai"]
[Date "2022.08.03"]
[Round "6.4"]
[White "Alvarado Perez, Coralys M"]
[Black "Andre, Chineva Rufino"]
[Result "1-0"]
[WhiteElo "1471"]
[BlackElo "1171"]
[PlyCount "68"]
[EventDate "2022.07.29"]
[EventType "team-swiss"]
[EventRounds "11"]
[EventCountry "IND"]
[SourceTitle "CBM 210"]
[Source "ChessBase"]
[SourceDate "2022.10.31"]
[SourceVersion "1"]
[SourceVersionDate "2022.10.31"]
[SourceQuality "1"]
[WhiteTeam "Puerto Rico (W)"]
[BlackTeam "Mozambique (W)"]
[WhiteTeamCountry "PUR"]
[BlackTeamCountry "MOZ"]

1. e4 e5 2. d4 exd4 3. Qxd4 Nc6 4. Qe3 b6 5. Nc3 Bc5 6. Qe2 Bb7 7. Be3 Bxe3 8. Qxe3 Nf6 9. 0-0-0 Qe7 10. f3 a5 11. g4 d6 12. Nge2 Nd7 13. Nd5 Qd8 14. h4 Nb4 15. Nec3 Nxd5 16. exd5+ Qe7 17. Qxe7+ Kxe7 18. Re1+ Kd8 19. Bb5 Ne5 20. Re3 Ba6 21. Bxa6 Rxa6 22. Rhe1 Ng6 23. h5 Ne5 24. Nb5 Ra8 25. Nd4 g6 26. hxg6 hxg6 27. b3 Kd7 28. f4 Nxg4 29. Re7+ Kc8 30. Rxf7 Kb7 31. Nb5 Rac8 32. Nxd6+ Kb8 33. Nxc8 Kxc8 34. Ree7 Nh6 1-0